Travels in Peru, during the years 1838, 1842, on the coast, in the Sierra, across the cordilleras and the Andes, into the primeval forest. By Dr. J. J. von Tschudi. Translated from the german by Thomasina Ross
I tiakina i:
| Kaituhi matua: | |
|---|---|
| Hōputu: | Pukapuka |
| Reo: | Ingarihi |
| I whakaputaina: |
Londres
David Bogue, 86, Fleet Street
1847
|
| Putanga: | 1a. ed |
| Ngā marau: | |
| Ngā Tūtohu: |
Tāpirihia he Tūtohu
Kāore He Tūtohu, Me noho koe te mea tuatahi ki te tūtohu i tēnei pūkete!
|
MARC
| LEADER | 00000nam a2200000 a 4500 | ||
|---|---|---|---|
| 001 | UCJ4553 | ||
| 003 | CL-VaPUC | ||
| 008 | 070124e18470000UK |||||||||||||||||eng|d | ||
| 082 | 0 | 4 | |a 910.4 |b TSC |2 21 |
| 100 | 0 | |a Tschudi, J. J. von |e author |9 508514 | |
| 245 | 1 | 0 | |a Travels in Peru, during the years 1838, 1842, on the coast, in the Sierra, across the cordilleras and the Andes, into the primeval forest. By Dr. J. J. von Tschudi. Translated from the german by Thomasina Ross |
| 250 | |a 1a. ed | ||
| 300 | |a xii, 506 p | ||
| 942 | |c BK | ||
| 945 | |d 20070124 00:00:00 |a rinostro | ||
| 260 | |a Londres |b David Bogue, 86, Fleet Street |c 1847 | ||
| 500 | |a Front., grabado, carnaval en el Perú; portada, grabado, cruce de un río | ||
| 600 | 0 | 7 | |a ROSS, THOMASINA |2 CL-VaPUC |9 508515 |
| 650 | 0 | |a Viajes |9 257115 | |
| 650 | 7 | |a DIARIO |2 CL-VaPUC |9 441581 | |
| 650 | 7 | |a FLORA |2 CL-VaPUC |9 264745 | |
| 650 | 7 | |a FAUNA |2 CL-VaPUC |9 349523 | |
| 650 | 0 | |a Población |9 257577 | |
| 650 | 0 | |a Cultura |9 269059 | |
| 650 | 0 | |a Comercio |9 255341 | |
| 650 | 7 | |a TIPOS HUMANOS |2 CL-VaPUC |9 504574 | |
| 650 | 7 | |a PIRATAS |2 CL-VaPUC |9 317855 | |
| 650 | 7 | |a CALLES Y PASEOS |2 CL-VaPUC |9 329702 | |
| 650 | 7 | |a TEMPLOS |2 CL-VaPUC |9 266644 | |
| 650 | 0 | |a Órdenes religiosas |9 257499 | |
| 650 | 0 | |a Jesuitas |9 268366 | |
| 650 | 0 | |a Conventos |9 328972 | |
| 650 | 0 | |a Mujeres |9 257649 | |
| 650 | 0 | |a Educación |9 258661 | |
| 650 | 7 | |a INSTITUCIONES |2 CL-VaPUC |9 329701 | |
| 650 | 7 | |a NEGROS |2 CL-VaPUC |9 340345 | |
| 650 | 0 | |a Razas |9 326658 | |
| 650 | 7 | |a INDIOS |2 CL-VaPUC |9 258588 | |
| 650 | 7 | |a CHINOS |2 CL-VaPUC |9 323565 | |
| 650 | 0 | |a Estadísticas |9 258644 | |
| 650 | 0 | |a Demografía |9 260008 | |
| 650 | 0 | |a Terremotos |9 267728 | |
| 650 | 0 | |a Recursos naturales |9 255232 | |
| 650 | 0 | |a Arqueología |9 265619 | |
| 650 | 0 | |a Independencia |9 344246 | |
| 650 | 0 | |a Ilustraciones |9 369481 | |
| 651 | 7 | |a CHILE |2 CL-VaPUC |9 508516 | |
| 651 | 0 | |a Chiloé |9 265209 | |
| 651 | 0 | |a Perú |9 256567 | |
| 651 | 7 | |a LIMA |2 CL-VaPUC |9 350186 | |
| 651 | 7 | |a CALLAO |2 CL-VaPUC |9 443682 | |
| 651 | 0 | |a Valparaíso, Chile |9 261144 | |
| 583 | |a last modification |c 20070124 00:00:00 |k Rodrigo Vera | ||
| 999 | |c 320669 |d 320667 | ||
| 952 | |0 0 |1 0 |4 0 |6 910_400000000000000_TSC_1847 |7 0 |8 X |9 399233 |a FDOBUD |b FDOBUD |d 2019-11-22 |i 1028006 |o 910.4 TSC 1847 |p 1028006 |r 2019-11-22 |w 2019-11-22 |y BK_X |k BUD | ||